Komodity budúcnosti - zlato a voda

Slovensko nemusí byť na komoditnom trhu budúcnosti bezvýznamný hráč. V budúcnosti má totiž svojou dôležitosťou prevýšiť všetky komodity pitná voda. Význam Žitného ostrova.

Saved in:
Bibliographic Details
Main Author: Debnár, Milan
Format: Book Chapter
Language:Slovak
Subjects:
Tags: Add Tag
No Tags, Be the first to tag this record!

MARC

LEADER 00000naa a2200000 4500
001 0141639
005 20231113073318.4
041 0 |a slo 
044 |a SK 
245 1 0 |a Komodity budúcnosti - zlato a voda  |c Milan Debnár 
520 |a Slovensko nemusí byť na komoditnom trhu budúcnosti bezvýznamný hráč. V budúcnosti má totiž svojou dôležitosťou prevýšiť všetky komodity pitná voda. Význam Žitného ostrova. 
610 2 0 |a voda pitná 
610 2 0 |a zdroje vodné 
610 2 0 |a Slovensko 
100 1 |a Debnár, Milan